000 00540nam a22001937a 4500
005 20260422081550.0
008 260422b |||||||| |||| 00| 0 eng d
020 _a978-81-910983-2-7
040 _aMAIN
041 _aasm
082 _a373.26
_bSAI.
100 _aSaikia, Tarun
_dSaikia, Runu Borah
245 _aউচ্চতৰ মাধ্য়মিক শিক্ষা
_cBy Tarun Saikia
250 _a20th revised ed.
260 _aJorhat:
_bBidya Bhawan
_c2025
300 _a355p.
650 _aEducation
942 _2ddc
_cBK
999 _c16400
_d16400